000 00589nam a2200169 a 4500
001 000042356
005 20201002040112.0
008 131127s2013 xxua r 000 0 spa d
020 _a9781578377765
040 _aDO-SdBNP
_bspa
_cBNPHU
082 _axxxx
_bxxxx
245 0 0 _aBiología en contexto III :
_bmanual de referencia.
260 _aTexas, Estados Unidos :
_bCord Communications,
_c2013.
300 _a94 p. :
_bil. ;
_c28 cm.
500 _aDesarrollado por CORD, adaptado para el "Proyecto Educación Media Técnica - REACT" República Dominicana
590 _aInventariado, 2018/BT
999 _c41845
_d41845